000 00447nam a22001577a 4500
005 20250131103200.0
008 250131b |||||||| |||| 00| 0 eng d
020 _a9788121912488
050 _aHG4515
_bBHA
100 _aBhalla, V. K.
245 _aInvestment management;
_bSecurity analysis and portfolio management
250 _a10th
260 _aNew Delhi
_bS. Chand and Company Ltd
_cc1982
300 _axiv,1012p;
_bill.;
942 _2lcc
_cBK
_n0
999 _c3279
_d3279